000 01023nam a22002537a 4500
005 20170124103150.0
010 _aB-075326
020 _c140.00
035 _aB-075326
037 _bCen Lib/Ret
040 _aDPL
_bHN
082 _a181.432
_bकर्मयो
100 _aकर्मयोगी राजेश
_987570
245 _aयोग और शिक्षा /
_cकर्मयोगी राजेश
246 _aYog aur shiksha
_b by Karmyogi Rajesh
260 _aप्रताप गढ़
_bमयंक प्रकाशन
_c2002
270 _aग्राम डाडी ,पो.सगरा सुन्दरपुर
_bप्रताप गढ़
300 _a138पृष्ठ.
_c20सेमी(सजिल्द)
650 _aयोगासन
_987571
650 _aआसन एवं प्राणायाम
_943135
650 _aYoga
_987572
650 _aAsana and pranayama
_987573
942 _2ddc
_cHN
_h181.432
_mकर्मयो
999 _c119909
_d119909